000 01142cam a2200241 a 4500
001 000016077
005 20200929164250.0
008 800912m19881991sp a 001 0 spa d
020 _a8423964078
040 _aDO-SdBNP
_cDLC
_dDLC
082 _a196.1
_bA141h, 1988
100 1 _aAbellán, José Luis,
_d1933-
_936055
245 1 0 _aHistoria crítica del pensamiento español /
_cJosé Luis Abellán.
250 _a2a ed.
260 _aMadrid :
_bEspasa-Calpe,
_c1988-1991.
300 _av. :
_bil. ;
_c23 cm.
505 0 _gv. 1.
_tMetodología e introducción histórica --
_gv. 2.
_tLa Edad de Oro --
_gv. 3.
_tDel barroco a la ilustración (Siglos XVII y XVIII) --
_gv. 4.
_tLiberalismo y romanticismo (1808-1874) --
_gv. 5. T.1
_tLa crisis contemporánea: (1875-1936) --
_tv.5. T.2
_gLa crisis contemporánea. II: fin de siglo, modernismo generación del 98 (1898-1913) --
_tv.5. T.3
_gLa crisis contemporánea. III: de la gran guerra a la guerra civil española (1914-1939).
650 4 _aFilosofía
_zEspaña
_xHistoria
_936056
651 4 _aEspaña
_xVida Intelectual
_922363
910 _aCatalogación derivada
910 _aWM
049 _aBNGR
999 _c15618
_d15618